000 00505nam a2200157Ia 4500
008 160316s1999 xxu||||| |||| 00| 0 eng d
082 _a345.080000
_bNAM
100 _aNambudiri S S
245 _aEvolving and Strengthening Non-Institutional Services for Juveniles
250 _a
260 _aNew Delhi
_bNational Institute of Public Cooperation and Child
_c1999
300 _a11
_b
_c
365 _b
650 _a1. Rights of the Child 2. Juvenile Justice 3. Evolving and Strengthening
700 _a
_a
999 _c34384
_d34384